| 000 | 01015cam a2200181 4500 | ||
|---|---|---|---|
| 001 | L130832 | ||
| 008 | 050902n2005 000 0 eng u | ||
| 035 | _a(Sirsi) u130832 | ||
| 041 | 0 | _aeng | |
| 110 |
_aCampaign to Protect Rural England _94718 |
||
| 245 | _aCPRE campaigns against roadside advertising | ||
| 260 |
_aLondon _bCPRE _c2005 |
||
| 520 | _aThe Campaign to Protect Rural England (CPRE) is fighting to prevent large advertising displays blighting the English countryside. CPRE has found that hoardings are spreading rapidly beside motorways and major roads in England in spite of the advertising control regime in place since 1948. Provides full information relating to the campaign. | ||
| 590 | _aIKA130905 | ||
| 690 | _aENVIRONMENTAL AND LAND CONSULTANCY-PLANNING AND DEVELOPMENT-DEVELOPMENT CONTROL | ||
| 856 | 4 | 0 |
_uhttps://www.cpre.org.uk/resources/housing-and-planning/planning/item/1901-roadside-advertising-problems-and-solutions _zView the item free of charge at www.cpre.org.uk |
| 942 | _n0 | ||
| 999 |
_c120467 _d120467 |
||